|
|
|
|
| LEADER |
01311nam a22003132a 4500 |
| 001 |
000060878 |
| 003 |
CZ BrMZK |
| 005 |
20150616122213.0 |
| 007 |
ta |
| 008 |
950407s1955 xr af f 000 0 cze d |
| 015 |
|
|
|a cnb000719887
|
| 035 |
|
|
|a (OCoLC)85445571
|
| 040 |
|
|
|a ABA001
|b cze
|c OLA001
|d ABA001
|d BOA001
|
| 041 |
1 |
|
|a cze
|h rus
|
| 100 |
1 |
|
|a Nosov, Nikolaj Nikolajevič,
|d 1908-1976
|7 jo2002100555
|4 aut
|
| 245 |
1 |
0 |
|a Ťuk - ťuk - ťuk a jiné povídky /
|c N.N. Nosov ; z ruského originálu ... přeložili M. Ajvaz a M. Podešvová ; ilustrovala D. Sedláčková
|
| 250 |
|
|
|a 1. vyd.
|
| 260 |
|
|
|a Praha :
|b Státní nakladatelství dětské knihy,
|c 1955
|
| 300 |
|
|
|a 114 s., obr. příl. :
|b il. ;
|c 8°
|
| 521 |
8 |
|
|a Pro čtenáře od 6 let
|
| 700 |
1 |
|
|a Ajvaz, Michail,
|d 1904-1994
|7 jk01010137
|4 trl
|
| 700 |
1 |
|
|a Podešvová, Marie,
|d 1901-1994
|7 jk01100187
|4 trl
|
| 700 |
1 |
|
|a Sedláčková, Dagmar,
|d 1931-2008
|7 xx0023896
|4 ill
|
| 765 |
0 |
|
|t Povesti i rasskazy
|9 Česky
|
| 765 |
0 |
|
|t Vesjolyje rasskazy
|9 Česky
|
| 856 |
4 |
1 |
|u http://www.digitalniknihovna.cz/mzk/uuid/uuid:d1bde420-fb5d-11e3-9789-005056827e52
|y Digitalizovaný dokument
|x NDK
|
| 910 |
|
|
|a BOA001
|b 2-0347.055
|b PK-0011.537
|
| 990 |
|
|
|a BK
|
| 996 |
7 |
|
|b 3119973004
|c PK-0011.537
|l MZK
|r Sklad / do 1 hodiny
|n 3
|w 000060878
|u 000010
|a 1
|e BOA001
|j MZK50
|s A
|